| 000 | 00388nam a2200145Ia 4500 | ||
|---|---|---|---|
| 008 | 231129s1990||||xx |||||||||||||| ||spa|| | ||
| 020 | _a958-9138-53-5 | ||
| 040 | _bspa | ||
| 082 | _aCo863.44 C112me | ||
| 100 | _aCaballero Calderón Eduardo | ||
| 245 | 0 | _aMemorias infantiles | |
| 260 | _c1990 | ||
| 264 | _aVillegas Editores | ||
| 942 |
_2ddc _cBKS |
||
| 999 |
_c20971 _d20971 |
||